| 000 | 00664naa a2200205 i 4500 | ||
|---|---|---|---|
| 001 | 72309 | ||
| 003 | ES-MaBCM | ||
| 005 | 20241016115937.0 | ||
| 008 | 050121s2000 fra 000 0 fre d | ||
| 021 | _axx | ||
| 035 | _a(OCoLC)1365142379 | ||
| 040 | _cES-MaBCM | ||
| 041 | 0 | _afre | |
| 043 | _afra | ||
| 245 | 0 | 0 |
_aL'espace politique des électeurs français à la fin des années 1990 _b: nouveaux et anciens clivages, hétérogénéité des électorats |
| 650 | 2 | 7 |
_aElectorado _958508 |
| 651 | 4 |
_aFrancia _9115364 |
|
| 773 | 0 |
_aEn: _tRevue française de science politique _dParis : 2000 _w104469 _gv. 50, nº 3, juin, p. 463-487. - Loc. S.51 |
|
| 942 | _cAREV | ||
| 999 |
_c72309 _d72309 |
||